[Event "10th Mumbai Mayors Cup 2017"]
[Site "Mumbai"]
[Date "2017.06.06"]
[Round "4"]
[White "Kiran, Manisha Mohanty"]
[Black "Adarsh Tripathi"]
[Result "1/2-1/2"]
[WhiteElo "2177"]
[BlackElo "1866"]
[Annotator "TA"]
[PlyCount "37"]
[EventDate "2017.06.04"]
[EventType "swiss"]
[EventCountry "IND"]
[SourceTitle "playchess.com"]
[Source "ChessBase"]
[SourceQuality "1"]

{[%evp 18,37,21,8,17,-24,-1,-41,-43,-50,-35,-42,-41,-46,-49,-140,-133,-214,-224,-221,-79,-71]} 1. e4 c5 2. Nf3 d6 3. Bb5+ Bd7 4. Bxd7+ Qxd7 5. c4 Nc6 6. d4 cxd4 7. Nxd4 Nf6 8. Nc3 g6 9. O-O Bg7 10. Re1 O-O {B52: Sicilian: Moscow Variation with 3...Bd7} 11. f3 (11. Nde2 Rac8 12. f3 a6 13. Be3 Ne5 14. b3 b5 15. cxb5 axb5 16. Qd2 b4 17. Na4 Nc4 18. Qd3 Nxe3 19. Qxe3 {0-1 (36) Munoz Pantoja,M (2495)-Alsina Leal,D (2535) Catalunya 2012}) 11... Rac8 12. Be3 Nxd4 $1 {Black is slightly better.} 13. Bxd4 Rxc4 14. Bxa7 b6 $146 ({Predecessor:} 14... Rfc8 15. Bd4 b5 16. a3 Qb7 17. Re2 e6 18. Be3 {0-1 (60) Studeny,R (2095)-Jurka,M (2308) Czechia 2010}) 15. Bxb6 Rb8 $1 {[%cal Rb8b6]} 16. Bd4 {[#]} (16. Be3 $1 $15) 16... Ng4 $1 $17 ({Much less strong is} 16... Rxb2 17. Nd5 $15) 17. fxg4 ({Don't go for} 17. Bxg7 $2 Qa7+ 18. Bd4 Rxd4 $19) (17. Ne2 $17 Bxd4+ 18. Nxd4) 17... Bxd4+ $19 18. Kh1 Bxc3 (18... Rxb2 $19 19. Nd5 Be5) 19. bxc3 1/2-1/2

[Event "10th Mumbai Mayors Cup 2017"]
[Site "Mumbai"]
[Date "2017.06.06"]
[Round "4"]
[White "Ramakrishna, J.."]
[Black "Yash Dhoke"]
[Result "1-0"]
[WhiteElo "2157"]
[BlackElo "1828"]
[Annotator "TA"]
[PlyCount "87"]
[EventDate "2017.06.04"]
[EventType "swiss"]
[EventCountry "IND"]
[SourceTitle "playchess.com"]
[Source "ChessBase"]
[SourceQuality "1"]

{[%evp 12,87,0,-4,3,0,0,0,0,-1,0,-24,-32,-42,15,14,11,12,12,12,16,13,14,3,10,10,6,3,11,11,25,0,16,20,20,20,58,35,29,7,27,27,28,6,6,0,0,0,14,0,8,0,10,0,0,0,0,0,0,0,0,0,0,0,0,0,512,511,726,714,12845,914,914,840,953,901,970,935]} 1. e4 c5 2. Nc3 Nc6 3. f4 g6 4. Nf3 Bg7 5. Bb5 Nd4 6. O-O Nxb5 7. Nxb5 d5 {B23: Closed Sicilian: Lines without g3} (7... d6 8. d3 Nf6 9. Qe1 h6 10. Nc3 b6 11. b3 O-O 12. f5 gxf5 13. Qh4 Ng4 14. h3 Bxc3 15. hxg4 e6 16. Bg5 hxg5 17. Nxg5 {1-0 (62) Adhiban,B (2671)-Oparin,G (2626) Monzon 2016}) 8. exd5 a6 9. Nc3 Nf6 {The position is equal.} 10. d4 Nxd5 11. Nxd5 Qxd5 12. Be3 cxd4 $146 ({Black should play} 12... c4 $15) ({Predecessor:} 12... O-O 13. c3 c4 14. Qe1 Bf5 15. Rf2 {0-1 (27) Wilson,M (1873)-Tarr,S (1779) Gibraltar 2016}) 13. Bxd4 $11 O-O 14. Bxg7 Qxd1 15. Raxd1 Kxg7 16. Rfe1 Re8 17. Nd4 Bg4 18. Rd3 Rac8 19. c3 Rc7 20. Kf2 Kf6 21. Re5 (21. h3 $5 {[%cal Rh3g4]} Bd7 22. g4 $11) 21... b5 22. h3 Bc8 23. g4 Bb7 24. Rde3 Rd7 25. Kg3 Bd5 26. a3 Kg7 27. g5 e6 28. f5 gxf5 {[#]} 29. Nxf5+ $1 {[%mdl 512]} Kf8 (29... exf5 30. Rxe8) 30. Nh6 Red8 31. Ng4 Bc4 32. Nf6 Rd2 33. Nxh7+ Kg7 34. Nf6 Rxb2 35. Rc5 Ra2 36. Rc7 Rxa3 37. Nh5+ Kg6 38. Nf4+ Kxg5 $2 {[%mdl 8192]} (38... Kg7 $1 $11 {and Black has nothing to worry.}) 39. Rxf7 $18 {[#] Re5+ would kill now.White is clearly winning.} Rxc3 40. Rxc3 e5 41. h4+ Kh6 42. Rf6+ Kh7 43. Ne6 Rg8+ 44. Ng5+ {Precision: White = 54%, Black = 40%.} 1-0

[Event "10th Mumbai Mayors Cup 2017"]
[Site "Mumbai"]
[Date "2017.06.06"]
[Round "4"]
[White "Chandreyee, Hajra"]
[Black "Hossain, Enamul"]
[Result "0-1"]
[WhiteElo "1997"]
[BlackElo "2464"]
[Annotator "TA"]
[PlyCount "68"]
[EventDate "2017.06.04"]
[EventType "swiss"]
[EventCountry "IND"]
[SourceTitle "playchess.com"]
[Source "ChessBase"]
[SourceQuality "1"]

{[%evp 12,68,37,14,23,0,6,4,17,-7,-7,-16,-8,-13,-8,-22,-19,-64,-62,-91,-78,-72,-22,-66,-64,-59,-75,-108,-35,-175,-167,-185,-174,-169,-168,-194,-196,-239,-253,-244,-238,-236,-237,-414,-403,-412,-419,-848,-855,-839,-660,-652,-631,-666,-661,-735,-716,-705,-662]} 1. e4 c5 2. Nf3 e6 3. d4 cxd4 4. Nxd4 a6 5. c4 Nf6 6. Nc3 Qc7 7. Qd3 (7. Be2 {feels hotter.} Bb4 8. Qd3 Nc6 9. O-O O-O 10. Bg5) 7... Nc6 {B41: Sicilian: Kan Variation: 5 c4} (7... b6 8. Qg3 d6 9. Bd3 Nbd7 10. O-O Bb7 11. b3 Be7 12. Bb2 g5 13. Qxg5 Rg8 14. Qe3 Ng4 15. Qh3 {1-0 (45) Nepomniachtchi,I (2719)-Artemiev,V (2653) Almaty 2016}) 8. Nxc6 dxc6 9. Be2 Bd6 {The position is equal.} (9... b5 {is more complex.} 10. Be3 Be7 11. Qc2 O-O 12. O-O b4) 10. g3 $146 ({Predecessor:} 10. h3 O-O 11. O-O Nd7 12. f4 e5 13. f5 Bc5+ 14. Kh2 Bd4 15. Qg3 {½-½ (33) Wagner,H (2196)-Stadler,S (2118) Bayern 2005}) 10... e5 11. O-O O-O {[%cal Bh8f8,Bf8d8,Bd8d4][%mdl 32]} 12. Bg5 Be7 13. Bxf6 Bxf6 14. b4 Rd8 15. Qe3 a5 16. b5 Be6 17. bxc6 bxc6 18. Na4 Rd4 $36 {[%mdl 2048] Black has strong initiative.} 19. Rab1 Rad8 (19... Be7 $17 20. Rfd1 Rad8 21. Rxd4 Rxd4) 20. Nb6 ({Better is} 20. Nc5 $15) 20... Be7 $19 {[%cal Bf6e7,Be7c5,Bc5a7,Ba7d4][%mdl 32]} 21. a3 Bc5 22. Na4 Ba7 23. Qb3 Rxe4 24. Qc2 Red4 {[#] White must now prevent ...Rd2.} 25. Rfd1 g6 26. Rxd4 Bxd4 27. Qb3 $2 (27. Nc3 {keeps fighting.}) 27... e4 28. Qb7 Qe5 {[#] Strongly threatening ...Bh3.} 29. Qxc6 (29. Qe7 $142 Rf8 30. Rf1) 29... Bd7 {Black is clearly winning.} 30. Qd5 Qxd5 31. cxd5 Bxa4 32. Bc4 Rc8 33. Bb3 Bxb3 34. Rxb3 Rc2 {Precision: White = 14%, Black = 67%.} 0-1

[Event "10th Mumbai Mayors Cup 2017"]
[Site "Mumbai"]
[Date "2017.06.06"]
[Round "4"]
[White "Mrudul Dehankar"]
[Black "Ziatdinov, Raset"]
[Result "1-0"]
[WhiteElo "1942"]
[BlackElo "2301"]
[Annotator "TA"]
[PlyCount "127"]
[EventDate "2017.06.04"]
[EventType "swiss"]
[EventCountry "IND"]
[SourceTitle "playchess.com"]
[Source "ChessBase"]
[SourceQuality "1"]

{[%evp 24,127,47,43,42,36,49,43,46,42,42,38,46,37,83,86,93,28,39,40,43,-2,71,73,73,35,58,79,112,104,105,70,77,65,143,141,148,146,186,172,174,176,264,251,302,270,302,300,542,525,627,469,419,305,291,303,301,289,279,287,266,259,473,502,687,472,621,725,638,438,753,731,1281,1235,1204,265,266,147,154,0,262,0,1212,1170,993,438,931,656,1214,1147,1237,1455,1126,1497,1429,1373,6187,4485,29969,29970,6299,5289,29966,29968,29972,29974]} 1. e4 e5 2. Nf3 Nc6 3. Bb5 a6 4. Ba4 Nf6 5. O-O Be7 6. Re1 b5 7. Bb3 d6 8. c3 Bg4 9. d3 O-O 10. Nbd2 {[%cal Bb1d2,Bd2f1,Bf1g3,Bg3f5][%mdl 32]} Na5 11. Bc2 c5 12. h3 Bh5 13. Nf1 {LiveBook: 28 Games} Nd7 {C90: Closed Ruy Lopez with 7...d6: Early deviations} (13... Bxf3 14. Qxf3 Ne8 15. a3 c4 16. a4 Nc7 17. axb5 axb5 18. Ne3 Bg5 19. dxc4 Bxe3 20. Qxe3 Nxc4 21. Rxa8 Qxa8 {½-½ (68) Areshchenko,A (2664)-Nikolic,P (2669) Germany 2008}) 14. Ng3 Bxf3 15. Qxf3 Bg5 {White is slightly better.} 16. Nf5 Bxc1 17. Raxc1 Qf6 18. Qg4 $146 {Nxg7 is the strong threat.} ({Predecessor:} 18. Qg3 Kh8 19. Rf1 g6 20. Ne3 Qf4 21. Qxf4 exf4 {1-0 (46) Sulc,D (2175)-Brunski,I (2064) Zadar 2015}) 18... Rfd8 19. Re3 {Threatens to win with Rg3.} Nf8 20. Rg3 (20. b4 $16 Nc6 21. Bb3) 20... Ne6 $1 $11 21. Re1 Kh8 22. Rf3 Nf4 (22... Qg5 $11 {keeps the balance.} 23. Qxg5 Nxg5) 23. g3 $36 {[%mdl 2048] White is really pushing.} h5 24. Qxg7+ $1 Qxg7 25. Nxg7 Nxd3 26. Bxd3 Kxg7 27. Rf5 Rh8 28. h4 Rh6 (28... f6 $14) 29. Be2 Rah8 30. a4 c4 31. axb5 axb5 32. Ra1 Nc6 (32... Nb3 $142 33. Ra7 Rf6) 33. Ra6 $18 Rc8 34. Rxh5 Rxh5 35. Bxh5 {[%mdl 4096] Endgame KRB-KRN} f5 $2 {[#]} (35... b4 36. Rb6 Rc7) 36. exf5 d5 37. Bf3 e4 38. f6+ Kxf6 39. Bg4 Rc7 40. Bd7 Rxd7 41. Rxc6+ {KR-KR} Kf5 42. Rb6 e3 $2 {[#]} (42... Ra7 43. Kf1 (43. Rxb5 Ra1+ 44. Kg2 Rd1 $18) 43... Kg4) 43. fxe3 Ke4 44. Rxb5 Kxe3 45. Kg2 Ke4 46. Rb8 Re7 (46... Kf5 $142 47. Kf3 Kf6) 47. Rf8 Rb7 48. Rf2 Rg7 49. Re2+ $2 (49. Kh3 Rb7 50. g4) 49... Kd3 50. Re5 ({Better is} 50. Kf2 $18) 50... Kc2 $16 51. Re2+ (51. Rxd5 $16 Kxb2 52. Kf3) 51... Kd3 $18 52. Rf2 $2 (52. Kf2) 52... Ke4 53. Kh3 Ke3 54. Rf5 (54. Rg2 $142 Ke4 55. h5) 54... Ke4 (54... d4 $142 55. cxd4 Rb7) 55. Rf4+ Ke5 56. h5 {[%cal Bh4h5,Bh5h6,Bh6h7][%mdl 32]} Rb7 57. Rf2 Ke4 58. g4 Ke3 59. Kg3 Re7 60. Rh2 Rf7 61. h6 Rf3+ 62. Kh4 Rf8 63. h7 Kf3 64. Kg5 {Precision: White = 65%, Black = 40%.} 1-0

[Event "10th Mumbai Mayors Cup 2017"]
[Site "Mumbai"]
[Date "2017.06.06"]
[Round "4"]
[White "Meenal Gupta"]
[Black "Karthik Venkataraman"]
[Result "0-1"]
[WhiteElo "1909"]
[BlackElo "2317"]
[Annotator "TA"]
[PlyCount "54"]
[EventDate "2017.06.04"]
[EventType "swiss"]
[EventCountry "IND"]
[SourceTitle "playchess.com"]
[Source "ChessBase"]
[SourceQuality "1"]

{[%evp 23,54,46,52,-14,66,39,41,41,32,31,40,0,14,12,0,8,27,0,26,-461,-481,-472,-474,-694,-672,-639,-465,-1018,-1001,-981,-997,-1001,-1001]} 1. e4 c5 2. Nf3 d6 3. d4 cxd4 4. Nxd4 Nf6 5. Nc3 a6 6. Be3 e5 7. Nb3 Be7 8. f3 Be6 9. Qd2 O-O 10. O-O-O a5 11. Bb5 Nc6 12. g4 {B90: Sicilian Najdorf: Unusual White 6th moves, 6 Be3 Ng4 and 6 Be3 e5} (12. Qf2 Qb8 13. Nd5 Bxd5 14. exd5 Nb4 15. c4 Nxa2+ 16. Kb1 Nb4 17. Bd2 Qc8 18. Bxb4 axb4 19. Qd2 Ne8 {0-1 (28) Bru Rullo,L (2199)-Alonso Rosell,A (2540) Mollet del Valles 2016}) 12... Na7 {LiveBook: 3 Games} 13. g5 ({White should play} 13. Bxa7 $14 Rxa7 14. h4) 13... Nd7 $146 ({Better is} 13... Nxb5 $11 14. Nxb5 (14. gxf6 Nxc3 15. fxe7 Nxa2+ 16. Kb1 Qxe7 $15) 14... Ne8) ({Predecessor:} 13... Nh5 14. Be2 a4 15. Nxa4 Nc6 16. Nc3 Na5 17. Kb1 Nc4 18. Bxc4 Bxc4 19. Nd5 Ra6 {1-0 (37) Perunovic,M (2105)-Kostin,S (2195) Moscow 1996}) 14. Kb1 {White is slightly better.} (14. Bxa7 $5 Rxa7 15. h4 $11) 14... Nxb5 15. Nxb5 a4 16. Nc1 {[%cal Bb3c1,Bc1e2,Be2c3][%mdl 32]} Ra6 17. Ne2 Nb6 18. Nxd6 Qc7 $36 {[%mdl 2048] Black is more active.} 19. Nc3 Qc6 {[#] Strongly threatening ...a3.} (19... a3 $5 {[%cal Ra3b2]} 20. Ncb5 Bxa2+ 21. Kxa2 axb2+ 22. Kb3 (22. Kxb2 Nc4+ 23. Nxc4 Qxc4 $19) 22... Qd7 $15) 20. Qd3 a3 {Threatens to win with ...axb2.} 21. Bc1 $2 {[%mdl 8192]} (21. Nf5 $1 $11 {and White has nothing to worry.} Bxf5 22. exf5) 21... axb2 $19 {Black is clearly winning.} 22. Bxb2 Na4 23. Ndb5 (23. Nf5 $142 Bxf5 24. Nd5) 23... Bc4 {[%cal Be6c4,Bc4b5,Bb5e8][%mdl 32]} 24. Qd7 Bxb5 25. Qxe7 (25. Nxb5 $142 Nxb2 26. Qxc6 bxc6 27. Kxb2 cxb5 28. Rd5) 25... Nxc3+ 26. Bxc3 Qxc3 27. Rd8 {[#]} Be8 $1 {[%mdl 512] Precision: White = 18%, Black = 62%.} 0-1

[Event "10th Mumbai Mayors Cup 2017"]
[Site "Mumbai"]
[Date "2017.06.06"]
[Round "4"]
[White "Polakhare Aryan"]
[Black "Kulkarni Bhakti"]
[Result "*"]
[WhiteElo "1881"]
[BlackElo "2292"]
[Annotator "TA"]
[PlyCount "52"]
[EventDate "2017.06.04"]
[EventType "swiss"]
[EventCountry "IND"]
[SourceTitle "playchess.com"]
[Source "ChessBase"]
[SourceQuality "1"]

{[%evp 9,52,17,74,46,63,66,56,56,77,79,87,82,120,107,117,113,180,174,176,157,164,156,173,135,166,128,185,183,191,198,188,158,204,186,266,242,297,289,295,299,294,302,302,281,268]} 1. e4 d5 2. exd5 Qxd5 3. Nc3 Qd6 4. d4 Nf6 5. Bd3 c6 (5... Nc6 $11) (5... Nc6 6. Nge2 Bg4 7. f3 Bh5 8. Bf4 Qd7 9. Ne4 Nxe4 10. Bxe4 e6 11. O-O Rd8 12. c3 Bd6 13. Bxd6 Qxd6 {1-0 (41) Miton,K (2603)-Wojtaszek,R (2716) Poznan 2014}) 6. Nge2 {B01: Scandinavian Defence} g6 7. Bf4 Qb4 8. a3 {White is slightly better.} Qa5 9. Qd2 Bg7 10. O-O-O $146 ({Predecessor:} 10. f3 Nbd7 11. b4 Qd8 12. O-O O-O 13. Rad1 {½-½ (44) Principe,A (2339)-Cruz,C (2553) Lima 2016}) 10... O-O 11. f3 $36 {[%mdl 2048] White is really pushing.} Nbd7 12. Bh6 c5 (12... Nd5 $16) 13. Bxg7 $18 Kxg7 14. h4 cxd4 15. Nxd4 h5 16. Nb3 Qb6 17. Rde1 e5 {[#]} (17... Nb8 $16) 18. g4 $1 {[%cal Bg2g4,Bg4g5][%mdl 544]} a5 (18... hxg4 19. h5) 19. g5 {And now Bb5 would win.} Ng8 20. a4 Ne7 21. f4 Qd6 (21... Rd8 $142 22. Kb1 (22. fxe5 Nc5 $16) 22... Kg8) 22. Nb5 Qb8 23. fxe5 {White has a decisive advantage.} ({Not} 23. Nxa5 Nc6 $16) 23... Nxe5 {[#]} 24. Rxe5 $1 {[%mdl 512]} Qxe5 25. Re1 Qg3 26. Rxe7 Bg4 {Precision: White = 84%, Black = 41%.} *

[Event "10th Mumbai Mayors Cup 2017"]
[Site "Mumbai"]
[Date "2017.06.06"]
[Round "4"]
[White "Aakash Sharadchandra, Dalvi"]
[Black "Aditya Mittal"]
[Result "0-1"]
[WhiteElo "1855"]
[BlackElo "2211"]
[Annotator "NA RC"]
[PlyCount "106"]
[EventDate "2017.06.04"]
[EventType "swiss"]
[EventCountry "IND"]
[SourceTitle "playchess.com"]
[Source "ChessBase"]
[SourceQuality "1"]
[TimeControl "5400+30"]

1. d4 d5 2. c4 c6 3. Nf3 Nf6 4. Nc3 dxc4 5. a4 Bf5 6. e3 e6 7. Bxc4 Bb4 8. O-O O-O 9. Qe2 Nbd7 10. e4 Bg4 11. e5 Nd5 12. Ne4 c5 13. h3 Bxf3 14. Qxf3 cxd4 15. Qg3 Ne7 16. Ng5 Nf5 $15 17. Qb3 Qe7 18. g4 Nh4 19. f4 d3 20. Qxd3 Ng6 21. Qb3 a5 22. f5 Ngxe5 23. fxe6 Qc5+ 24. Kh1 Qxc4 25. Qxc4 Nxc4 26. exd7 Rad8 27. b3 Nb6 28. Be3 Nd5 29. Bd4 Rxd7 30. Rad1 Rfd8 31. Bb2 Ne3 32. Rxd7 Rxd7 33. Rc1 Rd1+ 34. Rxd1 Nxd1 35. Bd4 Nc3 36. Bxc3 Bxc3 37. Kg2 f6 38. Ne6 Kf7 39. Nf4 Be5 40. Nd3 Ke6 41. Kf3 Kd5 42. Ke3 Bd4+ 43. Kf3 Bb6 44. Nf4+ Kd4 45. Ne6+ Kc3 46. Nxg7 Kxb3 47. Nh5 Kxa4 48. Nxf6 Kb3 49. Ke4 a4 50. Nxh7 a3 51. g5 a2 52. g6 a1=Q 53. g7 Qxg7 0-1

[Event "10th Mumbai Mayors Cup 2017"]
[Site "Mumbai"]
[Date "2017.06.06"]
[Round "4"]
[White "Phuyal, Aashish"]
[Black "Mithil, Ajgaonkar"]
[Result "0-1"]
[WhiteElo "1839"]
[BlackElo "2203"]
[Annotator "TA"]
[PlyCount "50"]
[EventDate "2017.06.04"]
[EventType "swiss"]
[EventCountry "IND"]
[SourceTitle "playchess.com"]
[Source "ChessBase"]
[SourceQuality "1"]

{[%evp 9,50,-30,-27,-46,14,0,47,38,39,64,45,38,41,45,43,19,15,0,0,0,0,0,7,-44,-43,-36,-37,-185,-177,-212,-204,-204,-201,-215,-221,-383,-390,-407,-410,-502,-503,-726,-726]} 1. e4 c6 {[%cal Bc7c6,Bc6c5,Bc5d4][%mdl 32]} 2. d4 d5 3. e5 c5 4. Nf3 Nc6 (4... cxd4 5. Nxd4 e6 6. c4 Bb4+ 7. Nc3 Ne7 8. Be2 Nbc6 9. Nxc6 Nxc6 10. O-O d4 11. Ne4 Nxe5 12. Bf4 Nc6 13. c5 {1-0 (45) Ragger,M (2697)-Van Foreest,J (2612) Wijk aan Zee 2017}) 5. Be2 cxd4 6. O-O {B12: Caro-Kann: Advance Variation} Qb6 $146 ({Better is} 6... Bg4 $15) ({Predecessor:} 6... g6 7. Re1 Bg7 8. Bf4 f6 9. exf6 Nxf6 10. Nxd4 O-O 11. Nxc6 bxc6 12. Be5 {½-½ (59) Reeve,J (2253)-Li,Z (2114) Edmonton 2006}) 7. c4 Be6 (7... dxc3 $5 8. Nxc3 e6 $14) 8. Na3 {White is slightly better.} dxc4 9. Bxc4 Bxc4 10. Nxc4 Qa6 11. b3 e6 12. Bf4 Rd8 13. Nd6+ Bxd6 $1 14. exd6 Qb6 15. Rc1 Nf6 {[%cal Bg8f6,Bf6d5,Bd5c3][%mdl 32]} 16. Rc4 (16. Ne5 $11) 16... Nd5 $36 {[%mdl 2048] Black fights for an advantage.} 17. Bg3 $1 Nc3 18. Qc2 (18. Qd3 $15) 18... Nb5 $19 19. Rd1 Nxd6 20. Bxd6 Rxd6 21. Qe4 O-O 22. Rd3 $2 {[#]} (22. Ne5) 22... f5 23. Qf4 e5 24. Nxe5 Nxe5 (24... Qa5 $2 25. Nf3 $17) 25. Qxe5 {[%cal Rc4d4]} Re6 {Precision: White = 15%, Black = 79%.} 0-1

[Event "10th Mumbai Mayors Cup 2017"]
[Site "Mumbai"]
[Date "2017.07.06"]
[Round "5"]
[White "Amonatov, Farrukh"]
[Black "Saravana, Krishnan P"]
[Result "1/2-1/2"]
[WhiteElo "2635"]
[BlackElo "2353"]
[Annotator "TA"]
[PlyCount "73"]
[EventDate "2017.06.04"]
[EventType "swiss"]
[EventCountry "IND"]
[SourceTitle "playchess.com"]
[Source "ChessBase"]
[SourceQuality "1"]

{[%evp 15,73,0,0,0,0,0,0,5,0,0,0,0,0,0,0,0,0,0,0,12,12,7,7,6,7,0,9,13,23,-1,-4,0,32,22,31,27,11,14,13,22,21,0,0,0,-5,-13,-10,-14,0,0,0,0,0,-1,0,0,0,-2,0,0]} 1. e4 e6 2. d4 d5 3. Nc3 Bb4 4. e5 c5 5. a3 Bxc3+ 6. bxc3 Qa5 7. Bd2 Qa4 8. dxc5 {C18: French: 3 Nc3 Bb4: Main line: 7 h4 and 7 Qg4} (8. Qg4 Kf8 9. Nf3 b6 10. c4 Ne7 11. Bd3 dxc4 12. dxc5 bxc5 13. Ng5 h6 14. Nh7+ Rxh7 15. Bxh7 Bb7 16. O-O Nbc6 {1-0 (29) Caruana,F (2817)-Naroditsky,D (2646) Saint Louis 2017}) 8... Nd7 {LiveBook: 3 Games} 9. c4 $146 ({Predecessor:} 9. Nf3 Ne7 10. Nd4 a6 11. Qh5 Nxc5 12. Bd3 Nc6 13. Nxc6 bxc6 14. O-O a5 15. Be3 Nxd3 16. cxd3 {½-½ (53) Bubalovic,D (2275)-Livaic,L (2328) Zadar 2015}) 9... Ne7 10. cxd5 Nxd5 11. c4 Qxd1+ 12. Rxd1 Ne7 13. Ne2 Nxc5 {[%cal Rc5d3] [#]} 14. Be3 b6 15. Nc3 Bd7 16. f4 Bc6 17. Kf2 O-O 18. Be2 (18. Bxc5 $5 bxc5 19. Bd3 $11) 18... Nf5 19. Bxc5 bxc5 20. Bd3 Rab8 21. Rb1 Nd4 22. Nb5 (22. Rxb8 {is interesting.} Rxb8 23. Rb1 Rxb1 24. Bxb1 Kf8 25. Be4) 22... f6 {aiming for ...fxe5.} 23. exf6 Rxf6 24. Nxd4 Rxb1 25. Rxb1 cxd4 $11 {[%mdl 4096] Endgame KRB-KRB} 26. Rb8+ {The position is equal.} Kf7 27. Kg3 {Rc8 is the strong threat.} Ke7 $1 28. Rh8 h6 29. Rg8 Rf7 30. c5 Kd7 31. h4 Re7 32. Kf2 Bd5 33. Bb5+ Kc7 34. Rf8 e5 35. fxe5 Rxe5 36. a4 Bb3 37. Ra8 {Precision: White = 71%, Black = 80%.} 1/2-1/2

[Event "10th Mumbai Mayors Cup 2017"]
[Site "Mumbai"]
[Date "2017.07.06"]
[Round "5"]
[White "Tukhaev, Adam"]
[Black "Sai Krishna G V"]
[Result "1-0"]
[WhiteElo "2567"]
[BlackElo "2339"]
[Annotator "TA"]
[PlyCount "133"]
[EventDate "2017.06.04"]
[EventType "swiss"]
[EventCountry "IND"]
[SourceTitle "playchess.com"]
[Source "ChessBase"]
[SourceQuality "1"]

{[%evp 23,133,14,39,16,27,5,25,27,83,31,119,68,60,57,63,36,42,53,48,39,89,82,75,76,85,78,87,76,83,72,76,83,78,25,31,29,31,25,47,45,52,51,49,30,58,47,38,30,75,81,70,67,64,61,71,21,93,102,131,119,119,120,128,137,134,131,140,0,125,122,247,247,240,237,248,250,461,461,411,354,575,970,957,957,957,926,29962,29962,29970,11402,29975,29976,29976,29968,29967,29968,29975,29976,29967,29971,29976,29977,29984,29985,29984,29985,29986,29987,29987,29988,29990,29991]} 1. e4 e5 2. Nf3 Nc6 3. Bb5 a6 4. Ba4 d6 5. O-O Nf6 6. c3 b5 7. Bb3 Be7 8. h3 O-O 9. d4 Bb7 10. Re1 Re8 11. Nbd2 Bf8 12. a3 h6 13. Ba2 {C93: Closed Ruy Lopez: Smyslov Variation} (13. Bc2 Nb8 14. b3 Nbd7 15. Bb2 Rc8 16. a4 b4 17. cxb4 exd4 18. Bxd4 c5 19. bxc5 Nxc5 20. Qb1 a5 21. b4 axb4 22. Qxb4 Ba8 {1-0 (66) Topalov,V (2761)-Ding,L (2755) Saint Louis 2016}) 13... Qd7 14. Qc2 Nh5 15. Nf1 {White has an edge.} g6 $146 (15... Na5 $11) ({Predecessor:} 15... Nd8 16. b4 g6 17. Bb2 Bg7 18. Rad1 Qe7 19. dxe5 dxe5 20. Ne3 c5 {½-½ (56) Yurtaev,L (2485)-Kruppa,Y (2435) Frunze 1988}) 16. Ne3 (16. Be3 $16) 16... Bg7 {[#]} ({Black should try} 16... Nf6 $1 $14) 17. dxe5 ({Better is} 17. Ng4 $1 $16) 17... Nxe5 $14 18. Nxe5 dxe5 19. Nd5 (19. Rd1 $5 {[%cal Rd1d7]} Qe7 20. Nd5 Bxd5 21. Bxd5 $16) 19... Bxd5 20. Bxd5 Rad8 21. a4 c6 22. Bb3 Nf4 23. axb5 axb5 24. Be3 {[#] Hoping for Ra7.} Qe7 25. Ra7 Rd7 26. Rxd7 Qxd7 27. Ra1 {aiming for Ra7.} Rc8 28. Ra7 (28. Rd1 $16 Qc7 29. c4) 28... Rc7 $11 29. Ra8+ Kh7 $1 30. Qd1 Qe7 31. Qd8 Qxd8 32. Rxd8 Bf6 33. Rd1 Kg7 34. h4 g5 35. hxg5 hxg5 36. g3 Ng6 37. Ra1 Be7 38. Ra8 Nf8 $1 39. Re8 Kf6 (39... Nh7 $1 $11 {remains equal.}) 40. Kg2 b4 41. Kf3 bxc3 42. bxc3 Kg6 43. Bc4 Bd6 44. Kg4 Be7 45. Kf3 Bd6 $1 46. Bf1 f5 (46... Rb7 $16 {was necessary.}) 47. exf5+ $18 Kxf5 48. Bd3+ Kf6 49. Kg4 Ne6 $2 (49... Kf7) 50. Bc4 Re7 51. Rc8 Rc7 $2 (51... Bc7 52. Ra8 Rg7) 52. Bxe6 Kxe6 53. Rxc7 Bxc7 54. Kxg5 {[%mdl 4096] Endgame KB-KB} Ba5 55. c4 Bc3 56. g4 (56. Kg6 $142 Bb4 57. g4 Ba3 58. Kh7 Be7 59. g5 Bxg5 60. Bxg5 Kf5 61. Be3) 56... Bd4 57. Kh6 {White mates.} Kf7 58. g5 Kg8 59. Kg6 c5 60. Kf5 Kf7 61. Ke4 Kg6 62. f4 exf4 63. Bxd4 cxd4 64. c5 {[%cal Bc4c5,Bc5c6,Bc6c7][%mdl 32]} d3 65. Kxd3 Kf5 66. c6 f3 67. c7 {Precision: White = 69%, Black = 33%.} 1-0

[Event "10th Mumbai Mayors Cup 2017"]
[Site "Mumbai"]
[Date "2017.07.06"]
[Round "5"]
[White "Tukhaev, Adam"]
[Black "Sai Krishna G V"]
[Result "*"]
[WhiteElo "2567"]
[BlackElo "2339"]
[Annotator "TA"]
[PlyCount "34"]
[EventDate "2017.06.04"]
[EventType "swiss"]
[EventCountry "IND"]
[SourceTitle "playchess.com"]
[Source "ChessBase"]
[SourceQuality "1"]

{[%evp 9,10,36,38]} 1. e4 e5 2. Nf3 Nc6 3. Bb5 a6 4. Ba4 d6 5. O-O Nf6 {LiveBook: 265 Games} {Predecessor:} 6. Re1 $146 Be7 7. c3 Bg4 8. h3 Bh5 9. d3 Qd7 10. Bg5 h6 11. Bxf6 Bxf3 12. Qxf3 Bxf6 13. Nd2 O-O 14. Nf1 b5 15. Bc2 Nd8 16. d4 Ne6 17. d5 Nf4 {½-½ (28) Ponomariov,R (2715)-Demchenko,A (2589) Gjakova 2016} *